Facultad de Derecho – Universidad Nacional de Mar del Plata

Derecho Aeronautico Registral (Record no. 2724)

MARC details
000 -CABECERA
campo de control de longitud fija 00547nam a22001457a 4500
020 ## - NUMERO INTERNACIONAL NORMALIZADO PARA LIBROS (ISBN)
International Standard Book Number 9789872625900
080 ## - NUMERO DE CLASIFICACION DECIMAL UNIVERSAL (CDU)
Número de la Clasificación Decimal Universal 347.82 D 444
100 ## - ASIENTO PRINCIPAL--NOMBRE PERSONAL
Nombre personal Gomez, Hernan Adrian
245 ## - MENCION DE TITULO
Título propiamente dicho Derecho Aeronautico Registral
Parte restante del título compendio de legislacion, doctrina y jurisprudencia latinoamericana
260 ## - PUBLICACION, DISTRIBUCION, ETC. (PIE DE IMPRENTA)
Lugar de publicación, distribución, etc. Berazategui
Nombre del editor, distribuidor, etc. Instituto Iberoamericano de Derecho aeronautico y del Espacio y e la Aviacion comercial
Fecha de publicación, distribución, etc. 2011
300 ## - DESCRIPCION FISICA
Extensión 208 p.
650 ## - ASIENTO SECUNDARIO DE MATERIA - TERMINO TEMATICO
Subdivisión general derecho aeronautico
-- derecho registral
-- derecho aeronautico registral
945 ## - INFORMACION DE PROCESAMIENTO LOCAL
Responsable de carga/modificación Sabrina Cecilia Abram
AAAA-MM-DD - Fecha de ingreso/modificación 2014-11-17
942 ## - ELEMENTOS AGREGADOS (KOHA)
Clasificación normalizada de Koha para alfabetizar _
Holdings
Retirado Perdido Dañado No se presta Ubicación permanente Locación actual Estante o sala Fecha de adquisición Fuente de adquisición Total préstamos Signatura topográfica Inventario Ultima fecha vista Fecha del precio Tipo de item de Koha
        Bib. Derecho Bib. Derecho Sala de Lectura 17/11/2014 Biblioteca Central   347.82 D 444 79618 03/10/2017 17/11/2014 LIBRO

XHTML | CSS | ©Biblioteca Central - Dto. Tecnología de la Información - [ Con tecnología Koha ]